| 000 | 00658nam a2200217 a 4500 | ||
|---|---|---|---|
| 001 | 68423 | ||
| 003 | BD-RjUL | ||
| 005 | 20211209081755.0 | ||
| 008 | 170403r19651950maua b 001 0 eng | ||
| 035 | _a(BD-RjUL)68633 | ||
| 040 |
_aDLC/ICU _cICU _dBD-RjUL _beng |
||
| 041 | _aeng | ||
| 082 | 0 | 0 |
_a636.9 _223 _bCAR 1965 |
| 245 | 1 | 0 |
_aThe care and breeding of laboratory animals / _cEditors; Edmond J Farris |
| 260 |
_aNew York : _bWiley, _c1950, [sixth printing 1965] |
||
| 300 |
_axiv, 515 p. : _bill. ; _c25 cm. |
||
| 504 | _aBibliographical footnotes. | ||
| 650 |
_aLaboratory animals _9201067 |
||
| 700 |
_aFarris, Edmond J. _9202856 |
||
| 942 |
_2ddc _cBK |
||
| 999 |
_c68423 _d68423 |
||